000
00269nam a2200109Ia 4500
005
20251222114410.0
008
251222s1900||||xx |||||||||||||| ||spa||
082
_a
DVD0092/S17S/2006
245
0
_a
San Francisco de Sales.
264
_b
Televisión Pastoral.
942
_c
DVD
999
_c
2013
_d
2013